000 02149nam#a22006975a#4500
001 1856
008 110915s2011####ag#a###d#f####001#0#spa#d
245 1 0 _aFísica :
_bla energía en el mundo cotidiano y en el mundo físico. Energías eléctrica y térmica. Termodinámica /
_cFabián G. Díaz ... [et al.] ; editado por Fabián G. Díaz.
250 _a1ª ed. 1ª reimp.
260 _aBuenos Aires :
_bSantillana,
_c2011.
300 _a240 p. :
_bfot. col., grafs., il. ;
_c28 cm.
490 0 _aSaber es clave
500 _aIncorpora glosario.
020 _a9789504623236
100 1 _aDíaz, Fabián G.
700 1 _aIglesias, María Cristina.
700 1 _aLópez ArriazuFrancisco.
700 1 _aSerafini, Gabriel D.
700 1 _aBalbiano, Alejandro J.
700 1 _aDíaz, Fabián G.,
_eeditor.
_4edt
080 _a53:373.5
084 _aF57
653 _aFisica
653 _aEnseñanza de la física
653 _aMétodo científico
653 _aDivulgación científica
653 _aEnergía cinética
653 _aEnergía potencia
653 _aEnergía química
653 _aEnergía eléctrica
653 _aEnergía nuclear
653 _aEnergía térmica
653 _aEnergía radiante
653 _aEnergía hidráulica
653 _aEnergía solar
653 _aEnergía biomasa
653 _aEnergía eólica
653 _aEnergía geotérmica
653 _aEnergía mareomotríz
653 _aEnergía de combustibles fósiles
653 _aConservación de energía
653 _aPotencia
653 _aFuerzas conservativas
653 _aEnergías potenciales
653 _aRadiactividad natural
653 _aFísica nuclear
653 _aCircuitos eléctricos
653 _aLey de Ohm
653 _aElectromagnetismo
653 _aCortocircuitos
653 _aCambio climático
653 _aTemperatura corporal
653 _aAnimales endotermos
653 _aAnimales ectotermos
653 _aTermodinámica
653 _aRecursos energéticos
040 _aAR-ClEAG
_cAR-ClEAG
005 20241107184724.0
003 AR-ClEAG
942 _cBK
999 _c1856
_d1856
980 _62
_aEvangelina Gallicchio
_82
_gEvangelina Gallicchio